<?xml version="1.0" encoding="UTF-8"?>
<marc:record xmlns:marc="http://www.loc.gov/MARC21/slim">
   <marc:leader>00000nam a2200000 a 4500</marc:leader>
   <marc:datafield ind1="1" ind2=" " tag="100">
      <marc:subfield code="a">Trunz, Helmut</marc:subfield>
      <marc:subfield code="4">aut</marc:subfield>
      <marc:subfield code="e">Verfasser/-in</marc:subfield>
   </marc:datafield>
   <marc:datafield ind1=" " ind2=" " tag="653">
      <marc:subfield code="a">Flughafen</marc:subfield>
   </marc:datafield>
   <marc:datafield ind1="0" ind2="0" tag="245">
      <marc:subfield code="a">Flughafen München</marc:subfield>
   </marc:datafield>
   <marc:datafield ind1="0" ind2="0" tag="245">
      <marc:subfield code="b">Drehkreuz des Südens</marc:subfield>
   </marc:datafield>
   <marc:datafield ind1="0" ind2="0" tag="245">
      <marc:subfield code="c">Helmut Trunz</marc:subfield>
   </marc:datafield>
   <marc:datafield ind1=" " ind2="1" tag="264">
      <marc:subfield code="a">Stuttgart</marc:subfield>
      <marc:subfield code="b">Motorbuch-Verl.</marc:subfield>
      <marc:subfield code="c">2009</marc:subfield>
   </marc:datafield>
   <marc:datafield ind1=" " ind2=" " tag="250">
      <marc:subfield code="a">1. Aufl.</marc:subfield>
   </marc:datafield>
   <marc:datafield ind1="1" ind2=" " tag="520">
      <marc:subfield code="a">Der Flughafen München Franz Josef Strauß wurde 1992 in Betrieb genommen, nachdem München-Riem zu klein geworden war und dient seither der Lufthansa wie auch der Star Alliance als Drehkreuz mit internationaler Bedeutung. Nach Frankfurt ist München der zweitgrößte Airport Deutschlands und belegt im europäischen Vergleich den siebten Platz. Das Buch beleuchtet kurz die Historie des Flugverkehrs um München bis hin zur Schließung des Flughafens München- Riem im Jahr 1992 und konzentriert sich dann auf Planung, Bau und Betrieb des für seine Architektur berühmten Flughafens Franz Josef Strauß.</marc:subfield>
   </marc:datafield>
   <marc:datafield ind1=" " ind2=" " tag="020">
      <marc:subfield code="a">9783613030862</marc:subfield>
      <marc:subfield code="9">9783613030862</marc:subfield>
   </marc:datafield>
   <marc:datafield ind1=" " ind2=" " tag="020">
      <marc:subfield code="a">3613030861</marc:subfield>
      <marc:subfield code="9">3613030861</marc:subfield>
   </marc:datafield>
   <marc:datafield ind1="0" ind2=" " tag="490">
      <marc:subfield code="v">0</marc:subfield>
   </marc:datafield>
   <marc:datafield ind1=" " ind2=" " tag="300">
      <marc:subfield code="a">173 S.</marc:subfield>
   </marc:datafield>
</marc:record>
